Catholic University of Zimbabwe Library
Online Public Access Catalogue
(OPAC)

Mastering strategic management / (Record no. 28173)

MARC details
000 -LEADER
fixed length control field 02488cam a2200397 i 4500
001 - CONTROL NUMBER
control field bcotR000011
005 - DATE AND TIME OF LATEST TRANSACTION
control field 20210215102133.0
006 - FIXED-LENGTH DATA ELEMENTS--ADDITIONAL MATERIAL CHARACTERISTICS
fixed length control field m o d
007 - PHYSICAL DESCRIPTION FIXED FIELD--GENERAL INFORMATION
fixed length control field cr cn ---uuuuu
008 - FIXED-LENGTH DATA ELEMENTS--GENERAL INFORMATION
fixed length control field 131105s2013 xx o 000 0 eng d
035 ## - SYSTEM CONTROL NUMBER
System control number (Sirsi) sarah0026558
035 ## - SYSTEM CONTROL NUMBER
System control number (OCoLC)884029007
037 ## - SOURCE OF ACQUISITION
Source of stock number/acquisition BCOpenCampus
Terms of availability CostFree
Form of issue FormOnline
Additional format characteristics AccessOpen
040 ## - CATALOGING SOURCE
Original cataloging agency BNM
Language of cataloging eng
Modifying agency CaBSKC
Description conventions rda
050 #4 - LIBRARY OF CONGRESS CALL NUMBER
Classification number HD30.28
Item number K48 2013
100 1# - MAIN ENTRY--PERSONAL NAME
Personal name Ketchen, Dave,
Relator term author.
245 10 - TITLE STATEMENT
Title Mastering strategic management /
Statement of responsibility, etc. Dave Ketchen, Jeremy Short.
264 #1 - PRODUCTION, PUBLICATION, DISTRIBUTION, MANUFACTURE, AND COPYRIGHT NOTICE
Name of producer, publisher, distributor, manufacturer [Flat World Knowledge?],
264 #2 - PRODUCTION, PUBLICATION, DISTRIBUTION, MANUFACTURE, AND COPYRIGHT NOTICE
Name of producer, publisher, distributor, manufacturer BCcampus, BC Open Textbook Project
300 ## - PHYSICAL DESCRIPTION
Extent 1 online resource (338 pages)
500 ## - GENERAL NOTE
General note This work is licensed under the Creative Commons Attribution-NonCommercial-ShareAlike License.
500 ## - GENERAL NOTE
General note Title from BC Campus website.
500 ## - GENERAL NOTE
General note This bibliographic record is available under the Creative Commons CC0 "No Rights Reserved" license.
520 ## - SUMMARY, ETC.
Summary, etc. "Mastering Strategic Management by Dave Ketchen and Jeremy Short is designed to enhance student engagement in three innovative ways. The first is through visual adaptations of the key content in the book. The second way Dave and Jeremy capture student interest through their textbook is by using a real-world company as the running example in each chapter. The third inventive way Mastering Strategic Management holds the attention of strategic management students is through the "strategy at the movies" feature in each chapter that links course concepts with a popular motion picture. You can expect Mastering Strategic Management by Dave Ketchen and Jeremy Short to cover all of the traditional topics that standard strategic management texts cover, but in an exciting way that will assist you in engaging your students in your course."--BCcampus website.
588 ## - SOURCE OF DESCRIPTION NOTE
Source of description note Description based on version viewed on BCcampus OpenEd website; title from pdf title page.
650 #0 - SUBJECT ADDED ENTRY--TOPICAL TERM
Topical term or geographic name entry element Strategic planning
Form subdivision Textbooks.
655 #0 - INDEX TERM--GENRE/FORM
Genre/form data or focus term Electronic books.
700 1# - ADDED ENTRY--PERSONAL NAME
Personal name Short, Jeremy,
Relator term author.
710 2# - ADDED ENTRY--CORPORATE NAME
Corporate name or jurisdiction name as entry element BC Open Textbook Project,
Relator term distributor.
710 2# - ADDED ENTRY--CORPORATE NAME
Corporate name or jurisdiction name as entry element BCcampus.
856 40 - ELECTRONIC LOCATION AND ACCESS
Materials specified BC Open Textbook Project
Uniform Resource Identifier <a href="https://open.bccampus.ca/find-open-textbooks/?uuid=807b5297-67ba-4e65-8dc7-c871e6c633ac ">https://open.bccampus.ca/find-open-textbooks/?uuid=807b5297-67ba-4e65-8dc7-c871e6c633ac </a>
Holdings
Withdrawn status Lost status Source of classification or shelving scheme Damaged status Not for loan Home library Current library Shelving location Date acquired Total Checkouts Full call number Date last seen Uniform Resource Identifier Price effective from Koha item type
          Digital Library Digital Library Online Access 15.02.2021   HD30.28 K48 2013 15.02.2021 https://open.bccampus.ca/find-open-textbooks/?uuid=807b5297-67ba-4e65-8dc7-c871e6c633ac 15.02.2021 eBook

OPENING HOURS

Weekdays: 0815hrs - 1800hrs
Weekends:0900hrs - 1200hrs

Closed for Mass:

Mon, Thur: 1200hrs - 1300hrs
Sunday & Public Holiday’s

CALL SUPPORT

0242-570570, 0242-570169
09200664, +263 8644140602

LOCATION

18443, Cranborne Avenue, Hatfield, Harare

Other Links


©2021 | CUZ Library